| 000 | 00339nam a22001337a 4500 | ||
|---|---|---|---|
| 999 |
_c153975 _d153975 |
||
| 082 |
_a _b |
||
| 100 | _aSushil Dharmani | ||
| 100 | _aRenu Hingorani | ||
| 245 |
_aSamkalin bharathiya sahitya me adhunik yugbhodh/ _cby Sushil Dharmani and Renu Hingorani. |
||
| 260 |
_a _bAbhaya, _c2012. |
||
| 300 | _a298p. | ||
| 650 | _a | ||
| 942 | _cBK | ||